[Event "World Corporate West B"]
[Site "Chess.com INT"]
[Date "2021.02.20"]
[Round "2.2"]
[White "Zafirov, Stephane"]
[Black "Song, Ziyuan"]
[Result "0-1"]
[WhiteElo "2065"]
[BlackElo "2138"]
[PlyCount "20"]
[EventDate "2021.02.20"]
[EventType "team (rapid)"]
[EventRounds "7"]
[EventCountry "USA"]
[SourceTitle "CBM 200 Extra"]
[Source "ChessBase"]
[SourceDate "2021.03.31"]
[SourceVersion "1"]
[SourceVersionDate "2021.03.31"]
[SourceQuality "1"]
[WhiteTeam "Autodesk"]
[BlackTeam "Deloitte New York"]
[WhiteTeamCountry "USA"]
[BlackTeamCountry "USA"]

1. e4 c5 2. Nf3 d6 3. d4 cxd4 4. Nxd4 Nf6 5. f3 e5 6. Nb3 d5 7. exd5 Nxd5 8. Bc4 Qh4+ 9. g3 Qxc4 10. Kf2 Bh3 0-1

[Event "CAN-ch"]
[Site "Montreal"]
[Date "2017.07.01"]
[Round "9"]
[White "Plotkin, Victor"]
[Black "Song, Ziyuan"]
[Result "1-0"]
[WhiteElo "2265"]
[BlackElo "2182"]
[PlyCount "125"]
[EventDate "2017.06.27"]
[EventType "swiss"]
[EventRounds "9"]
[EventCountry "CAN"]
[SourceTitle "CBM 179 Extra"]
[Source "ChessBase"]
[SourceDate "2017.08.23"]
[SourceVersion "1"]
[SourceVersionDate "2017.08.23"]
[SourceQuality "1"]

1. d4 Nf6 2. Nf3 e6 3. e3 d5 4. Bd3 c5 5. b3 Nc6 6. 0-0 b6 7. c4 dxc4 8. Bxc4 cxd4 9. Nxd4 Nxd4 10. exd4 Bb7 11. Bb2 a6 12. Nc3 Be7 13. Qe2 0-0 14. Rad1 b5 15. Bd3 Nd5 16. Nxd5 Qxd5 17. f3 Rfd8 18. Bb1 Rac8 19. Qe4 g6 20. Qxd5 Bxd5 21. Rc1 Bf6 22. Rxc8 Rxc8 23. Kf2 a5 24. Rd1 b4 25. Ke2 Kf8 26. Be4 Bg5 27. Kd3 Ke7 28. Bxd5 exd5 29. a3 bxa3 30. Bxa3+ Kd7 31. g3 Re8 32. Bc1 Bxc1 33. Rxc1 Rb8 34. Rb1 a4 35. Kc2 a3 36. Ra1 Rc8+ 37. Kb1 Rc3 38. Ka2 Rxf3 39. Kxa3 Rd3 40. Kb4 Rxd4+ 41. Kc5 Rd2 42. b4 d4 43. b5 d3 44. Kd4 Rxh2 45. Kxd3 Rg2 46. Ra7+ Ke6 47. b6 Rxg3+ 48. Kc4 Rg1 49. b7 Rb1 50. Kc5 Kf5 51. Kc6 Kf6 52. Ra6 Rxb7 53. Kxb7+ Kg5 54. Kc6 f5 55. Kd5 h5 56. Kd4 Kf4 57. Rxg6 h4 58. Rh6 Kg3 59. Ke3 h3 60. Rg6+ Kh2 61. Kf2 Kh1 62. Rh6 h2 63. Ra6 1-0

[Event "CAN-ch"]
[Site "Montreal"]
[Date "2017.06.30"]
[Round "8"]
[White "Song, Ziyuan"]
[Black "Huang, Qiuyu"]
[Result "1/2-1/2"]
[WhiteElo "2182"]
[BlackElo "2083"]
[PlyCount "86"]
[EventDate "2017.06.27"]
[EventType "swiss"]
[EventRounds "9"]
[EventCountry "CAN"]
[SourceTitle "CBM 179 Extra"]
[Source "ChessBase"]
[SourceDate "2017.08.23"]
[SourceVersion "1"]
[SourceVersionDate "2017.08.23"]
[SourceQuality "1"]

1. e4 c5 2. Nf3 Nc6 3. d4 cxd4 4. Nxd4 e5 5. Nb5 d6 6. N1c3 a6 7. Na3 b5 8. Nd5 Nge7 9. c4 Nd4 10. cxb5 Nxd5 11. exd5 Bd7 12. Be3 axb5 13. Qd2 b4 14. Bxd4 bxa3 15. Bc3 axb2 16. Qxb2 Be7 17. Bb5 0-0 18. 0-0 f5 19. a4 f4 20. f3 Rb8 21. Kh1 Bh4 22. Qe2 Bf5 23. Bd3 Bd7 24. Rfb1 Ra8 25. a5 Bg3 26. Qe4 g6 27. hxg3 fxg3 28. Qe3 Qh4+ 29. Kg1 Qh2+ 30. Kf1 Qh1+ 31. Ke2 Qxg2+ 32. Kd1 Qh2 33. Be1 g2 34. Bf2 Bg4 35. Bg1 Bxf3+ 36. Kd2 Qh4 37. Rb5 Bg4 38. Be4 Rf1 39. Rbb1 Bh3 40. a6 Rxb1 41. Bxb1 Qb4+ 42. Qc3 Qf4+ 43. Qe3 Qb4+ 1/2-1/2

[Event "CAN-ch"]
[Site "Montreal"]
[Date "2017.06.27"]
[Round "1"]
[White "Song, Ziyuan"]
[Black "Gaisinsky, Adam"]
[Result "1-0"]
[WhiteElo "2182"]
[BlackElo "1890"]
[PlyCount "79"]
[EventDate "2017.06.27"]
[EventType "swiss"]
[EventRounds "9"]
[EventCountry "CAN"]
[SourceTitle "CBM 179 Extra"]
[Source "ChessBase"]
[SourceDate "2017.08.23"]
[SourceVersion "1"]
[SourceVersionDate "2017.08.23"]
[SourceQuality "1"]

1. e4 e5 2. Nf3 Nc6 3. Bb5 a6 4. Ba4 Nf6 5. d3 b5 6. Bb3 d6 7. c3 Be7 8. Nbd2 0-0 9. 0-0 Na5 10. Bc2 c5 11. Re1 Nd7 12. Nf1 Nb6 13. Ne3 Be6 14. d4 Qc7 15. Nf5 Bxf5 16. exf5 f6 17. d5 Qb7 18. Be4 Nd7 19. b3 Qc7 20. h4 Rfc8 21. h5 h6 22. Nh4 Nf8 23. Ng6 Kf7 24. Qg4 Ke8 25. Re3 Ra7 26. Rg3 Qb8 27. f4 Rd7 28. Be3 Nb7 29. Rd1 Bd8 30. fxe5 dxe5 31. Nxf8 Kxf8 32. Bxh6 Rcc7 33. Qg6 Nd6 34. Qh7 Nxe4 35. Bxg7+ Rxg7 36. Qh8+ Ke7 37. Rxg7+ Kd6 38. Qf8+ Re7 39. Rxe7 Bxe7 40. Qxb8+ 1-0

[Event "CAN-ch"]
[Site "Montreal"]
[Date "2017.06.27"]
[Round "2"]
[White "Yu, Zong Yang"]
[Black "Song, Ziyuan"]
[Result "0-1"]
[WhiteElo "2393"]
[BlackElo "2182"]
[PlyCount "110"]
[EventDate "2017.06.27"]
[EventType "swiss"]
[EventRounds "9"]
[EventCountry "CAN"]
[SourceTitle "CBM 179 Extra"]
[Source "ChessBase"]
[SourceDate "2017.08.23"]
[SourceVersion "1"]
[SourceVersionDate "2017.08.23"]
[SourceQuality "1"]

1. d4 Nf6 2. c4 e6 3. Nf3 b6 4. g3 Ba6 5. b3 Bb4+ 6. Bd2 Be7 7. Nc3 c6 8. e4 d5 9. Qc2 dxe4 10. Nxe4 Bb7 11. Bd3 Nbd7 12. Neg5 h6 13. Bg6 hxg5 14. Nxg5 0-0 15. Bh7+ Kh8 16. 0-0-0 c5 17. d5 Nxd5 18. Bg8 N5f6 19. Nxf7+ Rxf7 20. Bxf7 Bxh1 21. Rxh1 Ne5 22. Bxe6 Nf3 23. Bc3 Nd4 24. Bxd4 Qxd4 25. Rd1 Qa1+ 26. Qb1 Qxb1+ 27. Kxb1 Ne4 28. Rd7 Bf6 29. f4 Nc3+ 30. Kb2 Ne2+ 31. Ka3 Rd8 32. Rxd8+ Bxd8 33. Bg4 Nd4 34. Kb2 Bf6 35. Kc1 g5 36. Kd2 gxf4 37. gxf4 Kg7 38. Ke3 Nc6 39. Ke4 Ne7 40. Bd7 Bc3 41. Kd3 Bb2 42. Kc2 Bd4 43. Kd3 Ng6 44. Ke4 Kf6 45. b4 Bg1 46. bxc5 Bxc5 47. Be8 Bd6 48. f5 Ne7 49. Bd7 Bxh2 50. a4 a5 51. Be6 Bd6 52. Bd7 Ng8 53. Be6 Nh6 54. Kd5 Bb4 55. Ke4 Nf7 0-1

[Event "Windsor NAYCC U16"]
[Site "Windsor"]
[Date "2016.08.11"]
[Round "9.31"]
[White "Bellissimo, Joseph F"]
[Black "Song, Ziyuan"]
[Result "1-0"]
[WhiteElo "2142"]
[BlackElo "2147"]
[PlyCount "75"]
[EventDate "2016.08.07"]
[EventType "swiss"]
[EventRounds "9"]
[EventCountry "CAN"]
[SourceTitle "EXT 2022"]
[Source "ChessBase"]
[SourceDate "2021.10.06"]
[SourceVersion "1"]
[SourceVersionDate "2021.10.06"]
[SourceQuality "1"]

1. e4 c5 2. Nf3 e6 3. c3 d5 4. e5 d4 5. Bd3 Nc6 6. 0-0 Nge7 7. Re1 Ng6 8. g3 a6 9. a4 Qc7 10. Qe2 b6 11. Na3 Bb7 12. h4 dxc3 13. dxc3 Na5 14. h5 Ne7 15. b4 Nb3 16. Rb1 Nxc1 17. Rbxc1 Nd5 18. Nc4 cxb4 19. cxb4 Qd8 20. b5 axb5 21. Ne3 Bc5 22. Bxb5+ Ke7 23. Ng4 h6 24. Red1 Rc8 25. Ne3 Qc7 26. Nc4 Qb8 27. Nfd2 f5 28. Nb3 Bb4 29. Nd4 Rhd8 30. Nd6 Rxc1 31. Rxc1 Bc5 32. Nxb7 Bxd4 33. Nxd8 Qxd8 34. Rc6 Bc5 35. Qc4 Nc7 36. Qh4+ g5 37. hxg6+ Kd7 38. Rd6+ 1-0

[Event "Windsor NAYCC U16"]
[Site "Windsor"]
[Date "2016.08.10"]
[Round "6.30"]
[White "Song, Ziyuan"]
[Black "Li, Zhaozhi"]
[Result "0-1"]
[WhiteElo "2147"]
[BlackElo "2305"]
[PlyCount "100"]
[EventDate "2016.08.07"]
[EventType "swiss"]
[EventRounds "9"]
[EventCountry "CAN"]
[SourceTitle "EXT 2022"]
[Source "ChessBase"]
[SourceDate "2021.10.06"]
[SourceVersion "1"]
[SourceVersionDate "2021.10.06"]
[SourceQuality "1"]

1. e4 c5 2. Nf3 d6 3. d4 cxd4 4. Nxd4 Nf6 5. Nc3 a6 6. Be3 Ng4 7. Bg5 h6 8. Bh4 g5 9. Bg3 Bg7 10. h3 Ne5 11. f3 Nbc6 12. Bf2 Be6 13. Nxe6 fxe6 14. h4 Rc8 15. hxg5 hxg5 16. Rxh8+ Bxh8 17. Qd2 Qa5 18. Nd1 Qa4 19. c3 Na5 20. Ne3 g4 21. Be2 Nac4 22. Nxc4 Nxc4 23. Bxc4 Qxc4 24. Bd4 Bxd4 25. cxd4 gxf3 26. gxf3 Kd7 27. Kf2 Rh8 28. Ke3 Rh3 29. b3 Qb5 30. Rg1 Qh5 31. Qf2 Qh6+ 32. Ke2 Qf4 33. Rg4 Qc1 34. Rg1 Qc3 35. Rd1 Qb2+ 36. Rd2 Qa1 37. Ke3 Qc3+ 38. Ke2 Rh1 39. d5 exd5 40. Rxd5 Ra1 41. Rd2 Qxd2+ 42. Kxd2 Rxa2+ 43. Ke3 Rxf2 44. Kxf2 d5 45. Ke3 Kd6 46. f4 dxe4 47. Kxe4 Ke6 48. b4 b6 49. f5+ Kf6 50. Kd5 a5 0-1

[Event "Windsor NAYCC U16"]
[Site "Windsor"]
[Date "2016.08.07"]
[Round "1.33"]
[White "Shamroni, Dennis"]
[Black "Song, Ziyuan"]
[Result "1/2-1/2"]
[WhiteElo "1917"]
[BlackElo "2147"]
[PlyCount "155"]
[EventDate "2016.08.07"]
[EventType "swiss"]
[EventRounds "9"]
[EventCountry "CAN"]
[SourceTitle "EXT 2022"]
[Source "ChessBase"]
[SourceDate "2021.10.06"]
[SourceVersion "1"]
[SourceVersionDate "2021.10.06"]
[SourceQuality "1"]

1. Nf3 Nf6 2. g3 b6 3. Bg2 Bb7 4. 0-0 c5 5. c4 d6 6. b3 e6 7. Bb2 Be7 8. Na3 0-0 9. Nc2 e5 10. d3 Nc6 11. a3 Qc7 12. e4 Rfe8 13. Rc1 Bf8 14. Ne3 g6 15. Nd5 Qd8 16. Bc3 Nxd5 17. cxd5 Nd4 18. Nxd4 cxd4 19. Bd2 Ba6 20. Bb4 Qd7 21. Qd2 Rac8 22. a4 h5 23. h4 Kh7 24. Rxc8 Rxc8 25. Kh2 Bh6 26. Qe2 Qd8 27. Bh3 Rc7 28. Qf3 Kg8 29. Re1 Bf8 30. Qe2 Bc8 31. Bg2 a5 32. Bd2 Ba6 33. Rc1 Qc8 34. Bh3 Qb8 35. Bf1 Be7 36. Qd1 Qc8 37. Rxc7 Qxc7 38. Qc1 Qxc1 39. Bxc1 Kf8 40. Kg2 b5 41. axb5 Bxb5 42. f3 Bd8 43. Kf2 Ke7 44. Ke2 Kd7 45. Ba3 Bb6 46. b4 Kc7 47. bxa5 Bxa5 48. Bc1 Kb6 49. Bh3 Kc5 50. Ba3+ Bb4 51. Bxb4+ Kxb4 52. Kd2 f6 53. Be6 Be8 54. f4 exf4 55. gxf4 Kc5 56. Ke2 Kb6 57. Kf3 Kc7 58. f5 Kd8 59. fxg6 Bxg6 60. Kf4 Ke7 61. Bf5 Bxf5 62. exf5 Kd7 63. Ke4 Kc7 64. Kxd4 Kb6 65. Kc4 Ka5 66. Kd4 Kb4 67. Ke3 Kc5 68. Ke4 Kb5 69. Ke3 Kb4 70. Ke4 Kb3 71. Kd4 Kb4 72. Ke3 Kc3 73. Ke4 Kb2 74. Kd4 Ka3 75. Kc3 Ka4 76. Kc4 Ka5 77. Kd4 Kb4 78. Ke3 1/2-1/2

[Event "World ol U16"]
[Site "Poprad"]
[Date "2016.07.28"]
[Round "8.3"]
[White "Song, Ziyuan"]
[Black "Blohberger, Felix"]
[Result "1-0"]
[WhiteElo "2049"]
[BlackElo "2284"]
[PlyCount "123"]
[EventDate "2016.07.22"]
[EventType "team-swiss"]
[EventRounds "9"]
[EventCountry "SVK"]
[SourceTitle "EXT 2017"]
[Source "ChessBase"]
[SourceDate "2016.10.25"]
[SourceVersion "1"]
[SourceVersionDate "2016.10.25"]
[SourceQuality "1"]
[WhiteTeam "Canada"]
[BlackTeam "Austria"]
[WhiteTeamCountry "CAN"]
[BlackTeamCountry "AUT"]

1. e4 c5 2. Nf3 d6 3. d4 cxd4 4. Nxd4 Nf6 5. Nc3 a6 6. Be3 e5 7. Nb3 Be7 8. f3 0-0 9. Qd2 Be6 10. 0-0-0 a5 11. Kb1 a4 12. Nc1 a3 13. b3 Ra5 14. g4 d5 15. g5 Nxe4 16. fxe4 d4 17. Qe1 Bb4 18. N1e2 Qc7 19. Bd2 Rc8 20. Qg3 dxc3 21. Be3 Bxb3 22. Bh3 Re8 23. axb3 a2+ 24. Ka1 Ba3 25. Bc1 Bxc1 26. Rxc1 Rc5 27. Rhd1 b5 28. b4 Rc4 29. Rd3 Nc6 30. Bd7 Ra8 31. Bxc6 Qxc6 32. Rcd1 h5 33. gxh6 Qxh6 34. Rd8+ Rxd8 35. Rxd8+ Kh7 36. Qxe5 Rxb4 37. Qf5+ Qg6 38. Qh3+ Qh6 39. Qf5+ Qg6 40. Qh3+ Qh6 41. Qxh6+ Kxh6 42. Nxc3 Rc4 43. Nxb5 Rxc2 44. Ra8 Kg6 45. Rxa2 Rxa2+ 46. Kxa2 Kf6 47. Kb3 Ke5 48. Nc3 f5 49. Kc2 fxe4 50. Ne2 Kf5 51. Kd2 Kg4 52. Ng1 Kf4 53. Ke2 e3 54. Kd3 g5 55. Ke2 g4 56. Kf1 Kg5 57. Kg2 Kh4 58. Ne2 Kg5 59. Kg3 Kh5 60. Nf4+ Kg5 61. Ng2 e2 62. Kf2 1-0

[Event "Canadian op"]
[Site "Windsor"]
[Date "2016.07.17"]
[Round "9"]
[White "Plotkin, Victor"]
[Black "Song, Ziyuan"]
[Result "1-0"]
[WhiteElo "2309"]
[BlackElo "2049"]
[PlyCount "131"]
[EventDate "2016.07.10"]
[EventType "swiss"]
[EventRounds "9"]
[EventCountry "CAN"]
[SourceTitle "EXT 2017"]
[Source "ChessBase"]
[SourceDate "2016.10.25"]
[SourceVersion "1"]
[SourceVersionDate "2016.10.25"]
[SourceQuality "1"]

1. Nf3 Nf6 2. c4 c6 3. Nc3 d6 4. d4 Qc7 5. e4 e5 6. h3 Be7 7. Be2 0-0 8. 0-0 Re8 9. Qc2 Nbd7 10. Be3 a6 11. Rac1 b5 12. cxb5 cxb5 13. dxe5 dxe5 14. Qb1 Qb7 15. Rfd1 Bc5 16. Nxb5 Bxe3 17. Nd6 Bxf2+ 18. Kxf2 Qb6+ 19. Kg3 Rf8 20. Rc3 a5 21. Qc2 Qb8 22. Bc4 Ba6 23. Bb3 h6 24. Nh4 Qd8 25. Kh2 Ng4+ 26. hxg4 Qxh4+ 27. Rh3 Qxg4 28. Rg3 Qh4+ 29. Rh3 Qf4+ 30. g3 Qg4 31. Rh4 Qe2+ 32. Qxe2 Bxe2 33. Rd2 g5 34. Rxh6 Bg4 35. Rg6+ Kh7 36. Rxg5 Rg8 37. Rxg8 Kxg8 38. Nxf7 Kg7 39. Kg2 Nc5 40. Nxe5 Nxb3 41. axb3 Be6 42. Nc4 a4 43. Rd6 Bxc4 44. bxc4 Rb8 45. Rd2 Kf6 46. Kf3 Rc8 47. Rc2 Ke5 48. c5 Rf8+ 49. Kg2 Kxe4 50. c6 Kd3 51. Rc3+ Kd4 52. c7 Rc8 53. Rc1 Kd5 54. g4 Kd6 55. Kg3 Rxc7 56. Rxc7 Kxc7 57. Kf4 Kd6 58. Kf5 Kd5 59. g5 Kc4 60. g6 Kb3 61. g7 Kxb2 62. g8Q a3 63. Qg2+ Kb1 64. Qe4+ Ka1 65. Qc2 a2 66. Qc1# 1-0

[Event "Quebec Carnaval"]
[Site "Quebec"]
[Date "2016.02.21"]
[Round "4"]
[White "Song, Ziyuan"]
[Black "Hansen, Eric"]
[Result "0-1"]
[WhiteElo "2584"]
[BlackElo "2239"]
[PlyCount "96"]
[EventDate "2016.02.19"]
[EventType "swiss"]
[EventRounds "5"]
[EventCountry "CAN"]
[SourceTitle "EXT 2022"]
[Source "ChessBase"]
[SourceDate "2021.10.06"]
[SourceVersion "1"]
[SourceVersionDate "2021.10.06"]
[SourceQuality "1"]

1. e4 c5 2. Nf3 e6 3. d4 cxd4 4. Nxd4 Nc6 5. Nc3 Qc7 6. Be3 a6 7. Qd2 Nf6 8. f4 Bb4 9. Bd3 Na5 10. Nde2 Nc4 11. Bxc4 Qxc4 12. e5 Nd5 13. Bd4 b5 14. a3 Nxc3 15. Bxc3 Be7 16. Rd1 0-0 17. 0-0 Bb7 18. Bb4 Bxb4 19. axb4 f6 20. Nd4 Rf7 21. c3 Raf8 22. Qe2 Qc7 23. Rfe1 Bd5 24. Qe3 fxe5 25. Qxe5 Qxe5 26. fxe5 Rf2 27. Re2 Rxe2 28. Nxe2 Rf5 29. g4 Rxe5 30. Kf2 Kf8 31. Nf4 Bc6 32. Nd3 Re4 33. Nc5 Rf4+ 34. Ke3 Rf3+ 35. Kd2 Ke7 36. Re1 Rf2+ 37. Re2 Rxe2+ 38. Kxe2 d6 39. Nb3 Kf6 40. h4 Bd5 41. Nd4 e5 42. Nf5 h5 43. Ne3 Bc4+ 44. Kf3 hxg4+ 45. Nxg4+ Ke6 46. h5 Kf5 47. Ne3+ Kg5 48. Ke4 Be6 0-1

[Event "Quebec Carnaval"]
[Site "Quebec"]
[Date "2016.02.20"]
[Round "2"]
[White "Roussel Roozmon, Thomas"]
[Black "Song, Ziyuan"]
[Result "1/2-1/2"]
[WhiteElo "2440"]
[BlackElo "2239"]
[PlyCount "45"]
[EventDate "2016.02.19"]
[EventType "swiss"]
[EventRounds "5"]
[EventCountry "CAN"]
[SourceTitle "EXT 2022"]
[Source "ChessBase"]
[SourceDate "2021.10.06"]
[SourceVersion "1"]
[SourceVersionDate "2021.10.06"]
[SourceQuality "1"]

1. c4 Nf6 2. g3 c6 3. Bg2 d5 4. Nf3 dxc4 5. a4 Nbd7 6. Na3 e5 7. Nxc4 e4 8. Ng5 Nc5 9. d4 Ne6 10. 0-0 Qd5 11. Ne5 Nxg5 12. Bxg5 Bd6 13. Qc2 Bxe5 14. dxe5 Qxe5 15. Bxf6 Qxf6 16. Bxe4 h5 17. Qc3 Qxc3 18. bxc3 Be6 19. Rfd1 Rd8 20. Rd4 Rxd4 21. cxd4 Kd7 22. h4 b6 23. Kf1 1/2-1/2

[Event "CAN-ch U18"]
[Site "Windsor"]
[Date "2015.07.08"]
[Round "5.3"]
[White "Johnson, Nicholas1111"]
[Black "Song, Ziyuan"]
[Result "1/2-1/2"]
[WhiteElo "1882"]
[BlackElo "2211"]
[PlyCount "68"]
[EventDate "2015.07.06"]
[EventType "tourn"]
[EventRounds "7"]
[EventCountry "CAN"]
[SourceTitle "EXT 2022"]
[Source "ChessBase"]
[SourceDate "2021.10.06"]
[SourceVersion "1"]
[SourceVersionDate "2021.10.06"]
[SourceQuality "1"]

1. c4 Nf6 2. g3 c5 3. Bg2 e6 4. Nf3 Qc7 5. 0-0 b6 6. b3 Bb7 7. Bb2 Be7 8. Nc3 a6 9. d4 cxd4 10. Qxd4 Nc6 11. Qd2 0-0 12. e4 d6 13. Rfd1 Rfd8 14. h3 Nd7 15. Nd4 Nxd4 16. Qxd4 Bf8 17. Rd2 Bc6 18. Rc1 Qb7 19. Ba3 Nf6 20. Rcd1 Rd7 21. Qe3 Ne8 22. Kh2 g6 23. f3 Rad8 24. Ne2 Qb8 25. Nd4 Ba8 26. Bb4 Bg7 27. a4 Nc7 28. f4 b5 29. cxb5 axb5 30. Nxb5 Nxb5 31. axb5 Qxb5 32. Bxd6 Bc6 33. Ba3 Rxd2 34. Rxd2 Rb8 1/2-1/2

[Event "CAN-ch U18"]
[Site "Windsor"]
[Date "2015.07.07"]
[Round "2.4"]
[White "Song, Ziyuan"]
[Black "Kalra, Agastya"]
[Result "1-0"]
[WhiteElo "2211"]
[BlackElo "2081"]
[PlyCount "103"]
[EventDate "2015.07.06"]
[EventType "tourn"]
[EventRounds "7"]
[EventCountry "CAN"]
[SourceTitle "EXT 2022"]
[Source "ChessBase"]
[SourceDate "2021.10.06"]
[SourceVersion "1"]
[SourceVersionDate "2021.10.06"]
[SourceQuality "1"]

1. e4 e5 2. Nf3 Nc6 3. Nc3 Nf6 4. Bb5 Bb4 5. a3 Bxc3 6. dxc3 0-0 7. Qd3 d5 8. Bxc6 bxc6 9. Bg5 h6 10. Bxf6 Qxf6 11. 0-0 Re8 12. Nd2 Be6 13. f3 Rab8 14. b3 Qe7 15. Qe3 Qg5 16. Qe2 Qe7 17. Qf2 a6 18. Rfe1 f6 19. Kh1 Red8 20. a4 a5 21. Rad1 Bf7 22. h3 Bg6 23. c4 Qb4 24. Qe3 Qb6 25. Qe2 Kh8 26. Nf1 dxe4 27. fxe4 Rd4 28. Rxd4 Qxd4 29. Qd3 Rd8 30. Qf3 Qb2 31. Qg3 Kh7 32. Qf2 Rd4 33. Ng3 Qc3 34. Re2 Rd1+ 35. Kh2 Qd4 36. Nh1 Bxe4 37. Qxd4 Rxd4 38. c3 Bd3 39. cxd4 Bxe2 40. dxe5 fxe5 41. Nf2 Kg6 42. g4 Kf6 43. Kg3 g5 44. Ne4+ Ke6 45. Nc5+ Kd6 46. Nb7+ Ke6 47. Kf2 Bd1 48. Nxa5 Kf6 49. Ke3 c5 50. Ke4 Bc2+ 51. Ke3 Kg6 52. Nc6 1-0

[Event "CAN-ch U18"]
[Site "Windsor"]
[Date "2015.07.06"]
[Round "1.1"]
[White "Song, Ziyuan"]
[Black "Song, Guannan Terry"]
[Result "1-0"]
[WhiteElo "2211"]
[BlackElo "2202"]
[PlyCount "99"]
[EventDate "2015.07.06"]
[EventType "tourn"]
[EventRounds "7"]
[EventCountry "CAN"]
[SourceTitle "EXT 2022"]
[Source "ChessBase"]
[SourceDate "2021.10.06"]
[SourceVersion "1"]
[SourceVersionDate "2021.10.06"]
[SourceQuality "1"]

1. e4 c5 2. Nf3 d6 3. d4 cxd4 4. Nxd4 Nf6 5. Nc3 a6 6. f3 e5 7. Nb3 Be6 8. Be3 Be7 9. Qd2 0-0 10. 0-0-0 a5 11. a4 Nc6 12. Qf2 Qb8 13. g4 Nb4 14. g5 Nh5 15. Rg1 Rc8 16. Kb1 Bf8 17. Rd2 Nf4 18. Bxf4 exf4 19. Nd4 Bd7 20. Bb5 Bxb5 21. Ncxb5 d5 22. c3 dxe4 23. fxe4 Na6 24. Rf1 Nc5 25. Qxf4 Qxf4 26. Rxf4 Re8 27. Re2 Re7 28. e5 g6 29. Nf3 Bg7 30. Kc2 Rd8 31. Re3 Rd5 32. c4 Rd8 33. Nc3 Re6 34. b3 Rde8 35. Nd5 Nd7 36. Rfe4 Bxe5 37. Nxe5 Rxe5 38. Nf6+ Nxf6 39. Rxe5 Rxe5 40. Rxe5 Ng4 41. Rxa5 Nxh2 42. Rb5 Nf3 43. Rxb7 f6 44. a5 Ne5 45. Rc7 Nf3 46. a6 Nd4+ 47. Kb2 Ne6 48. Re7 Nc5 49. a7 Kf8 50. Rxh7 1-0